000
00201 a2200097 4500
001
27894
100
_a
Priestley, H
245
_a
Children's dictionary
260
_a
_b
Hamlyn
_c
090
_c
18631
_d
18631
942
_a
NUST-CAE
_c
M
_c
9593
999
_c
262967
_d
262967